Responses for show #816 - Monday, March 7, 1988

Contestants

Lou Kaluza, a teacher from San Antonio, Texas

Hank Peddicord, a claims representative from Victorville, California

Isaac Braddock, a lawyer from Los Angeles, California (whose 1-day cash winnings total $12,597)

Jeopardy! Round responses

SHIPS
NURSERY RHYMES
ELVIS
ADJECTIVES
HISTORY
HOW TO...
    $100 7
Saudi Arabia

Lou
    $100 22
Christmas

Lou
    $100 26
Singer

Lou
    $100 11
unsinkable

Lou
    $100 2
Attila

Lou
    $100 14
juggling (How do you juggle)

Lou
    $200 6
Sea Hunt

Hank
    $200 23
Tom Tom the Piper's Son

Lou
    $200 27
movies

Hank
    $200 12
nonsensical

Isaac
    $200 3
Prussia

Isaac
    $200 15
how to pop (prepare) popcorn

Isaac
    $300 1
(Alex: Or what was the America.)

America's Cup (America)

Lou
    $300 18
(Hank: What is cockle?)

curd

IsaacHank
    $300 28
The Beatles

Lou
    $300 13
Dickensian

Lou
    $300 8
cathedrals

Lou
    $300 19
to thread a needle (How do you thread a needle)

Lou
    $400 4
aircraft carrier

Isaac
    $400 24
see-saw

Lou
    $400 29
"White Christmas"

Hank
    $400 16
(Lou: What's martial?)

military

IsaacLou
    $400 9
13 Original Colonies

Isaac
    $400 20
How do you identify a UFO

Lou
    $500 5
U.S.S. Arizona

Isaac
    $500 25
(Isaac: What is the forehead?)
...
(Alex: Yes. We've got a minute to go.)

horrid

IsaacLou
    $500 30
(Isaac: Who is the Colonel?)
(Alex: Be more specific.)
(Isaac: [Shakes head no])
(Alex: Can't accept it, need his name.)

Colonel Tom Parker

IsaacLou
    $500 17
(Alex: The only way to have a redhead.)
[Laughter]

big & nasty

Triple Stumper
    $500 10
Josip Broz or Tito

Lou
    $500 21
How do you mix (make) paint

Lou

Scores at the first commercial break (after clue 14):

Isaac Hank Lou
$1,700 $200 $1,800

Scores at the end of the Jeopardy! Round:

Isaac Hank Lou
$1,600 $500 $4,700

Double Jeopardy! Round responses

LIGHTHOUSES
LITERARY TRIVIA
PSYCH 101
CONNECTICUT
STARTS WITH "K"
ANCIENT TELEVISION
    $200 23
whales

Lou
    $200 5
Boris Pasternak

Isaac
    $200 8
genetics (heredity)

Isaac
    $200 10
kick

Hank
    $200 1
(Lou: What's the Korean War?)

Second World War

IsaacLou
    $400 12
Robert Louis Stevenson

Lou
    $400 7
Dr. Kildare

Lou
    $400 19
ESP (extrasensory perception)

Lou
    $400 11
kopek

Isaac
    $400 13
(Alex: Yes, James Beard.)

cooking

Hank
    $600 6
Coast Guard

Lou
    $600 20
ambulances

Isaac
    $600 18
inferiority complex

Isaac
    $600 15
kookaburra

Lou
    $600 14
Your Show of Shows

Lou
    $500 3
(Isaac: Who are The Lighthouses?)

Edison Lighthouse

Isaac
    $800 24
The Prince and the Pauper

Lou
    $800 17
memory

Isaac
    $800 26
[End of round signals and Lou's score is displayed as an incorrect $8700. For the Final Jeoaprdy! round it is correctly shown as $8500 with no explanation.]

county level

Isaac
    $800 16
kvetcher

Isaac
    $800 21
(Isaac: What is The Ed Sullivan Show?)

The Amateur Hour (Ted Mack's or Major Bowes)

IsaacHank
    $1000 2
Boston

Isaac
    $1000 9
(Isaac: What is a prejudice?)

stereotype

IsaacLou
    $1000 4
Ella Grasso

Hank
    $1000 25
(Lou: What is karma?)

kirilan (kirlian)

IsaacLou
    $1000 22
(Hank: Who is Harry Truman?)
...
(Alex: We've got a minute to go.)

(Herbert) Hoover

IsaacHank

Scores at the end of the Double Jeopardy! Round:

Isaac Hank Lou
$6,900 $1,900 $8,500

[wagering suggestions for these scores]

Final Jeopardy! Round responses

JOAN OF ARC
HankWhat was the War of the Roses?
$100
IsaacWhat is the Hundred Years War?
$3,000
LouWhat was the 100 Yrs. War?
$5,500
Hundred Years' War

Final scores:

Isaac Hank Lou
$9,900 $1,800 $14,000
2nd place: Keller bedroom furniture & Burlington House draperies 3rd place: Doug Webb seriograph Liberty Renewed by Martin Lawrence Galleries New champion: $14,000

Game dynamics:

Coryat scores:

Isaac Hank Lou
$7,400 $1,900 $8,500
20 R,
5 W
(including 1 DD)
7 R,
2 W
27 R
(including 2 DDs),
3 W

Combined Coryat: $17,800

The J! Archive is created by fans, for fans. The Jeopardy! game show and all elements thereof, including but not limited to copyright and trademark thereto, are the property of Jeopardy Productions, Inc. and are protected under law. This website is not affiliated with, sponsored by, or operated by Jeopardy Productions, Inc. Join the discussion at JBoard.tv.